000 00671nam a22002417a 4500
001 0074
003 DO-SdBNP
005 20180130133954.0
007 0074
008 151026b pe 2011 xxu||||| |||| 00| 0 spa d
020 _a9786124103063
040 _aBPMSU
_bspa
_cBPMSU
100 1 0 _aMelville, Herman
245 1 0 _aMoby Dick /
_6Herman Melville ; ilustración Gerson Jara Morales
260 _aLima, Perú :
_bEducativa,
_c2011.
300 _a91 p. :
_bil.,
_c19 cm.
490 1 0 _aSemillas del saber
700 _aJara Morales, Gerson,
_eil.
830 0 0 _aSemillas del saber
942 _2ddc
_cBK
945 _aInventariado, 2018/MFF
956 _aBrenda Tavárez
999 _c8465
_d8465